[Event "FRA-chT U20 16 GP Haute 1011"]
[Site "France"]
[Date "2011.06.12"]
[Round "9"]
[White "Banat, Rayan"]
[Black "Parent, Leo"]
[Result "1-0"]
[WhiteElo "1638"]
[BlackElo "1420"]
[PlyCount "93"]
[EventDate "2010.06.20"]
[EventType "team-tourn"]
[EventRounds "11"]
[EventCountry "FRA"]
[SourceTitle "EXT 2015"]
[Source "ChessBase"]
[SourceDate "2014.11.20"]
[SourceVersion "1"]
[SourceVersionDate "2014.11.20"]
[SourceQuality "1"]
[WhiteTeam "Clichy (U20)"]
[BlackTeam "Saint Mande U20"]
[WhiteTeamCountry "FRA"]
[BlackTeamCountry "FRA"]

1. d4 f5 2. Nf3 Nf6 3. g3 e6 4. Bg2 Be7 5. 0-0 d6 6. b3 Bd7 7. Bb2 Nc6 8. c4 d5 9. cxd5 exd5 10. Ne5 Be6 11. e3 Nxe5 12. dxe5 Ne4 13. Nc3 Nxc3 14. Bxc3 0-0 15. f4 Bc5 16. Bd4 Bxd4 17. exd4 c6 18. Bh3 Qe8 19. Qc2 Rc8 20. Rf2 Qg6 21. Bg2 Rcd8 22. Rf3 Rf7 23. Raf1 Rc7 24. b4 b5 25. Qc5 Qe8 26. Bh3 Qe7 27. Qxe7 Rxe7 28. Rc3 Rc8 29. Rfc1 Rec7 30. Bf1 a6 31. Rc5 Kf7 32. Be2 g6 33. h3 h5 34. Kf2 Kg7 35. Rg1 Kh6 36. g4 Rg7 37. gxh5 gxh5 38. Rxg7 Kxg7 39. Bxh5 Bd7 40. Bf3 Rh8 41. Bg2 Kg6 42. Rc3 Kf7 43. Re3 Ke6 44. Rg3 Be8 45. Ra3 Rh7 46. Rxa6 Rb7 47. Ra3 1-0

[Event "FRA-chT U20 16 GP Haute 1011"]
[Site "France"]
[Date "2011.06.12"]
[Round "11"]
[White "Parent, Leo"]
[Black "Rambeaux, Solene"]
[Result "0-1"]
[WhiteElo "1420"]
[BlackElo "1450"]
[PlyCount "82"]
[EventDate "2010.06.20"]
[EventType "team-tourn"]
[EventRounds "11"]
[EventCountry "FRA"]
[SourceTitle "EXT 2015"]
[Source "ChessBase"]
[SourceDate "2014.11.20"]
[SourceVersion "1"]
[SourceVersionDate "2014.11.20"]
[SourceQuality "1"]
[WhiteTeam "Saint Mande U20"]
[BlackTeam "Mulhouse Philidor (U20)"]
[WhiteTeamCountry "FRA"]
[BlackTeamCountry "FRA"]

1. e4 c5 2. Nf3 d6 3. d4 cxd4 4. Nxd4 Nf6 5. Nc3 g6 6. Bg5 Bg7 7. Bc4 0-0 8. 0-0 Nc6 9. Nxc6 bxc6 10. Qe2 Bd7 11. f4 Qc8 12. Qd3 Re8 13. Rad1 Bg4 14. Rde1 Rb8 15. Bb3 Rd8 16. Qc4 e6 17. e5 d5 18. Qd3 Bf5 19. Qd1 d4 20. Ne2 d3 21. Ng3 dxc2 22. Qc1 Bd3 23. Rf2 Ng4 24. Bxd8 Nxf2 25. Kxf2 Qxd8 26. Bxc2 Qd4+ 27. Re3 Bxc2 28. Qxc2 Rxb2 29. Qxb2 Qxb2+ 30. Re2 Qd4+ 31. Re3 Qxf4+ 32. Ke2 Bh6 33. Rd3 Qxe5+ 34. Kf2 c5 35. Rd8+ Kg7 36. Rd1 Be3+ 37. Kf3 Qf4+ 38. Ke2 Qf2+ 39. Kd3 c4+ 40. Kc3 Qxa2 41. Nf1 Qb3# 0-1

[Event "FRA-chT U20 16 GP Haute 1011"]
[Site "France"]
[Date "2011.06.12"]
[Round "10"]
[White "Parent, Leo"]
[Black "Trouve, Guillaume"]
[Result "0-1"]
[WhiteElo "1420"]
[BlackElo "1677"]
[PlyCount "140"]
[EventDate "2010.06.20"]
[EventType "team-tourn"]
[EventRounds "11"]
[EventCountry "FRA"]
[SourceTitle "EXT 2015"]
[Source "ChessBase"]
[SourceDate "2014.11.20"]
[SourceVersion "1"]
[SourceVersionDate "2014.11.20"]
[SourceQuality "1"]
[WhiteTeam "Saint Mande U20"]
[BlackTeam "Sautron (U20)"]
[WhiteTeamCountry "FRA"]
[BlackTeamCountry "FRA"]

1. e4 c5 2. Nf3 e6 3. d4 cxd4 4. Nxd4 a6 5. Nc3 Qc7 6. Be3 Nf6 7. Bd3 Bb4 8. Nde2 d5 9. exd5 Nxd5 10. Bd4 e5 11. Be3 Nxc3 12. Nxc3 Bxc3+ 13. bxc3 Qxc3+ 14. Bd2 Qc7 15. 0-0 Nd7 16. Re1 0-0 17. Qh5 g6 18. Qf3 Qd6 19. Bh6 Re8 20. Bc4 Qf6 21. Qb3 Nc5 22. Qe3 Nd7 23. Bg5 Qf5 24. Bd3 Qe6 25. Bh4 Qb6 26. Qe2 Nc5 27. Bc4 Be6 28. Bxe6 Rxe6 29. Bg3 e4 30. Kh1 Rae8 31. Qd2 Qb5 32. Bf4 Qc6 33. Bh6 Qd6 34. Qc3 Qe5 35. Qe3 Nd7 36. Bf4 Qf5 37. Bg3 Nf6 38. h3 Nh5 39. Rf1 Nxg3+ 40. fxg3 Qe5 41. Qa7 R6e7 42. Qe3 Rc7 43. Qb3 Qe6 44. Qxe6 Rxe6 45. Rac1 Kg7 46. Rfe1 h5 47. Kh2 f5 48. Re2 Kf6 49. Rb1 b5 50. Rb3 Rc4 51. Rf2 Kg5 52. Rb1 Rec6 53. Rc1 Ra4 54. Ra1 Rc3 55. h4+ Kf6 56. Rd2 e3 57. Re2 Ke5 58. Kg1 Rd4 59. Rae1 Re4 60. Rd1 Rd4 61. Rde1 f4 62. gxf4+ Kxf4 63. Kh2 Rd2 64. g3+ Kf3 65. Rxd2 exd2 66. Rg1 Rxc2 67. Kh3 Rc1 68. Rg2 d1Q 69. a4 Qd7+ 70. Kh2 Rh1+ 0-1

[Event "FRA-chTA U20 1011"]
[Site "France"]
[Date "2010.12.19"]
[Round "7.9"]
[White "Di Frenna, Oscar"]
[Black "Parent, Leo"]
[Result "0-1"]
[WhiteElo "1009"]
[BlackElo "1009"]
[PlyCount "56"]
[EventDate "2010.11.21"]
[EventType "team-tourn"]
[EventRounds "7"]
[EventCountry "FRA"]
[SourceTitle "EXT 2012"]
[Source "ChessBase"]
[SourceDate "2011.11.24"]
[SourceVersion "1"]
[SourceVersionDate "2011.11.24"]
[SourceQuality "1"]
[WhiteTeam "Montpellier"]
[BlackTeam "Saint Mande"]
[WhiteTeamCountry "FRA"]
[BlackTeamCountry "FRA"]

1. e4 e5 2. Nf3 Nc6 3. d3 h6 4. Nc3 Bc5 5. Be3 d6 6. Nd5 Nf6 7. Nxf6+ Qxf6 8. Bxc5 dxc5 9. h3 0-0 10. Qe2 Be6 11. 0-0-0 Bxa2 12. g3 Nd4 13. Nxd4 cxd4 14. c3 dxc3 15. bxc3 Bb3 16. d4 Bxd1 17. dxe5 Qxe5 18. Kxd1 Rad8+ 19. Kc2 f5 20. Bg2 fxe4 21. Bxe4 Rfe8 22. f3 Rd5 23. c4 Ra5 24. Rd1 Ra2+ 25. Kb3 Rxe2 26. Bd3 Qb2+ 27. Ka4 R2e3 28. Be2 Ra3# 0-1

[Event "FRA-chTA U20 1011"]
[Site "France"]
[Date "2010.12.19"]
[Round "6.7"]
[White "Mautin, Arthur"]
[Black "Parent, Leo"]
[Result "1-0"]
[WhiteElo "1430"]
[BlackElo "1009"]
[PlyCount "89"]
[EventDate "2010.11.21"]
[EventType "team-tourn"]
[EventRounds "7"]
[EventCountry "FRA"]
[SourceTitle "EXT 2012"]
[Source "ChessBase"]
[SourceDate "2011.11.24"]
[SourceVersion "1"]
[SourceVersionDate "2011.11.24"]
[SourceQuality "1"]
[WhiteTeam "Cannes"]
[BlackTeam "Saint Mande"]
[WhiteTeamCountry "FRA"]
[BlackTeamCountry "FRA"]

1. d4 d5 2. c4 dxc4 3. e3 Nf6 4. Bxc4 Bf5 5. Nc3 e6 6. Nf3 Bb4 7. 0-0 0-0 8. Bd2 Nc6 9. a3 Ba5 10. Rc1 a6 11. h3 Qd7 12. Qb3 Rab8 13. Rfd1 b5 14. Be2 Na7 15. Ne5 Qd6 16. Bf3 h6 17. Na2 Bxd2 18. Rxd2 Rb6 19. Nb4 c5 20. Rxc5 Nd7 21. Nxd7 Qxd7 22. Rd1 Rbb8 23. Nxa6 Rbc8 24. Rdc1 f6 25. Rc7 Qd6 26. Rxc8 Rxc8 27. Rxc8+ Nxc8 28. Qxb5 Na7 29. Qb8+ Qxb8 30. Nxb8 Nb5 31. a4 Nd6 32. b4 Nc4 33. a5 e5 34. Bd5+ Kh7 35. Bxc4 exd4 36. exd4 Be4 37. a6 Ba8 38. d5 Kg8 39. b5 Kf8 40. b6 Ke7 41. b7 Bxb7 42. axb7 Kd8 43. Nc6+ Kd7 44. b8Q g5 45. Qd8# 1-0